|
|
|
|
| LEADER |
00848nam a22002411a 4500 |
| 020 |
|
|
|a 1-412917-06-3
|c 0.00
|
| 040 |
|
|
|a SSUS - Library - Kalady
|
| 082 |
|
|
|a 370.152 3
|b ANG/I
|
| 100 |
|
|
|a Angus M Gunn
|
| 245 |
|
|
|a Igniting student potential : teaching with the brain's natural learning process
|h [Text]
|
| 260 |
|
|
|a California
|b Corwin
|c 2007
|
| 300 |
|
|
|a 218p.
|
| 600 |
|
|
|a Social Sciences
|
| 600 |
|
|
|a Learning Psychology
|
| 600 |
|
|
|a Educational Psychology
|
| 600 |
|
|
|a Education
|
| 600 |
|
|
|a Education Learning Psychology
|
| 700 |
|
|
|a Robert W Richburg
|
| 700 |
|
|
|a Rita Smilkstein
|
| 852 |
|
|
|h 370.152 3
|i ANG/I
|p 055030
|9 1374.00
|t 0
|
| 942 |
|
|
|c BK
|
| 999 |
|
|
|c 19010
|d 19010
|
| 952 |
|
|
|0 0
|1 0
|2 ddc
|4 0
|6 370_152000000000000_3_ANG_I
|7 0
|9 26804
|a SSUS
|b SSUS
|c STACKS
|d 2015-01-08
|g 1374.00
|o 370.152 3 ANG/I
|p 055030
|r 2017-12-04
|v 0.00
|w 2015-01-08
|y BK
|